Ben and Jerry's Flavors Quiz Stats

 Plays Quiz Retired Jun 23, 2021

     
Support Sporcle.
Go Orange.
Score 0/74 Timer 08:00
0 Plays Today
Flavor % Correct
Chocolate
77.1%
Vanilla
72.5%
Chocolate Chip Cookie Dough
60.8%
Phish Food
57.6%
Cherry Garcia
54.2%
Chunky Monkey
42.3%
Chocolate Fudge Brownie
41%
Half Baked
37.3%
Americone Dream
34.1%
Strawberry Cheesecake
24.1%
Chubby Hubby
22.5%
The Tonight Dough
20.1%
Peanut Butter Cup
19.8%
Everything But the...
17.1%
Pistachio Pistachio
17%
Karamel Sutra
16.3%
Milk & Cookies
15.9%
Salted Caramel
15.4%
Banana Split
14%
S'mores
13.3%
Chocolate Therapy
13.1%
Late Night Snack
12.7%
New York Super Fudge Chunk
12.3%
Coffee, Coffee BuzzBuzzBuzz
12.2%
Cinnamon Buns
11.4%
Red Velvet Cake
11%
Cake Batter
10.5%
Mint Chocolate Cookie
10.2%
Cheesecake Brownie
8%
Boston Cream Pie
7.9%
Imagine Whirled Peace
7.3%
Pumpkin Cheesecake
7.1%
Boom Chocolatta
7%
Peach Cobbler
6.9%
Coffee Toffee Bar Crunch
6.7%
Peanut Butter Fudge
6.3%
Dublin Mudslide
6.1%
Flavor % Correct
Vanilla Toffee Bar Crunch
5.9%
Triple Caramel Chunk
5.8%
Minter Wonderland
5.8%
Vanilla Caramel Fudge
5.5%
Bob Marley's One Love
5.3%
What a Cluster
5.2%
Caramel Chocolate Cheesecake
5.2%
Peanut Buttah
5.2%
Gimme S'more
5.1%
Chocolate Shake It
5.1%
Peanut Butter Half Baked
5.1%
Coffee Caramel Buzz
5%
Crème Brûlée
5%
That's My Jam
4.6%
Chillin' the Roast
4.6%
Chocolate Cherry Garcia
4.5%
Peanut Brittle
4.5%
Glampfire Trail Mix
4.3%
Chocolate Peppermint Crunch
4.3%
Cake My Day
4.3%
Empower Mint
4.1%
Mud Pie
4%
Candy Bar Pie
3.9%
Oatmeal Cookie Chunk
3.8%
Bourbon Brown Butter
3.7%
Spectacular Speculoos
3.7%
Confetti Cake
3.7%
Coffee Caramel Fudge
3.4%
Tubby Hubby
3.1%
Hazed & Confused
3.1%
Totally Baked
3.1%
Chocolate Nougat Crunch
3%
P.B. & Cookies
2.9%
Pecan Resist
2.7%
Pecan Sticky Buns
2.6%
It's Ice... Cream
2.6%
Salted Caramel Brownie Ale
2.1%

From the Vault

World's Largest Producers of Cars

by bowsntoys

Take a guess at some of the top exports for these countries...
Remove Ads.
Support Sporcle.
Get the best of Sporcle when you Go Orange. This ad-free experience offers more features, more stats, and more fun while also helping to support Sporcle. Thank you for becoming a member.

Show Comments

Extras

Top Quizzes Today


Score Distribution

Your Account Isn't Verified!

In order to create a playlist on Sporcle, you need to verify the email address you used during registration. Go to your Sporcle Settings to finish the process.

Report this User

Report this user for behavior that violates our Community Guidelines.

Details: